00861nam a22002297a 4500003000400000005001700004007000300021008004100024020001500065024001800080040001400098100002400112245005300136260004600189300001100235490004100246500018300287650003800470942001300508999001500521952009500536OSt20131204142045.0ta131030s1977 spa||||| |||| 00| 0 eng d a8432302686 2DLa184421977 bcatcCDMR1 94200aDesvois, J.M.13aLa prensa en España (1900-1931) cJ.M. Desvois aMadridbSiglo Veintiuno de Españac1977 a169 p. aEstudios de Historia Contemporánea aEstudi sobre els diaris del primer terç del nostre segle en els seus aaspectes econòmics i ideològics. S'estudia les característiques de la premsa de diverses ideologies.0493729aPremsaxHistòriazEspanya 2udccMON c6651d6651 00104070aCDMRbCDMRd2013-01-16l0oDt 9 /70pCDMR13119312r2013-11-04w2013-11-04yMON